00369 a2200157 4500003000500000005001700005040000900022082000800031100002000039245003100059260003800090300002400128538002900152600002000181650001000201Nust20170207153448.0 cNust a823 aBennett, Arnold aThe GhostcArnold Bennett, aLondonbThe queensway Pressc1931 a188 pbillusc16 cm aAlmirah No.58 Shelf No.5 aBennett, Arnold aStory